MARC

LEADER 00000nam0a2200000 4500
001 326374
005 20231102003845.0
035 |a (RuTPU)RU\TPU\book\352009 
090 |a 326374 
100 |a 20161224d1937 m y0rusy50 ca 
101 0 |a rus 
102 |a RU 
105 |a y z 000zy 
200 1 |a Актер в стране социализма  |f В. Пашенная 
210 |a Москва  |c Профиздат  |d 1937 
215 |a 32 с.  |c ил. 
606 1 |a Театр  |2 stltpush  |3 (RuTPU)RU\TPU\subj\58738  |9 76490 
610 1 |a театр 
610 1 |a театральная жизнь 
610 1 |a театральная культура 
610 1 |a кино 
610 1 |a актеры 
610 1 |a роли 
610 1 |a СССР 
610 1 |a 20 век 
675 |a 792  |v 4 
700 1 |a Пашенная  |b В.  |g Вера 
801 1 |a RU  |b 63413507  |c 20161224 
801 2 |a RU  |b 63413507  |c 20200219  |g RCR 
942 |c BK